banner-ar

CAMPAGNE INTERNATIONALE DE L'UNESCO POUR LA SAUVEGARDE DES MONUMENTS DE LA NUBIE / (Record no. 19366)

MARC details
000 -الفاتح
حقل البيانات ثابتة الطول 00553nam a2200181Ia 4500
008 - عناصر البيانات ثابتة الطول - معلومات عامة
حقل البيانات ثابتة الطول 140319s9999 xx 000 0 eng d
040 ## - مصدر الفهرسة
وكالة الفهرسة الأصلية GCL /
وكالة النسخ GCL
082 04 - رقم تصنيف ديوى العشرى
رقم التصنيف CC
رقم المادة 706
-- M C
100 1# - المدخل الرئيسى - إسم شخصى
الإسم الشخصى MINSTERE DE CULTURE ET DE L'ORIENTATION
245 10 - بيان العنوان
العنوان CAMPAGNE INTERNATIONALE DE L'UNESCO POUR LA SAUVEGARDE DES MONUMENTS DE LA NUBIE /
بيان المسئوليه,etc MINSTERE DE CULTURE ET DE L'ORIENTATION
260 ## - PUBLICATION, DISTRIBUTION, ETC. (IMPRINT)
تاريخ النشر أو التوزيع 1963
300 ## - الوصف المادى
التعداد 125 P
650 04 - المدخل الاضافى بالموضوع-مصطلح موضوعى
مصطلح موضوعي NUBIA
650 04 - المدخل الاضافى بالموضوع-مصطلح موضوعى
مصطلح موضوعي EGYPTOLOGY
650 04 - المدخل الاضافى بالموضوع-مصطلح موضوعى
مصطلح موضوعي MONUMENTS
942 ## - عناصر المدخل الإضافي( كوها)
مصدر التصنيف او مخطط الترفيف Dewey Decimal Classification
Koha [default] item type كتاب
260 ## - PUBLICATION, DISTRIBUTION, ETC. (IMPRINT)
-- [S.N] :
-- ORGANISME GENERAL ،
Holdings
حالة التراجع حالة الفقد حالة تلف ليس للاعارة المكان المؤقت الموقع الحالى تاريخ الاكتساب اجمالي اﻻعارات رقم الطلب الباركود تاريخ اخر مشاهدة تاريخ تفعيل السعر نوع وعاء كوها
        مكتبة القاهرة الكبرى مكتبة القاهرة الكبرى 03/26/2014   CC\706\M C 36967 03/26/2014 03/26/2014 كتاب
        مكتبة القاهرة الكبرى مكتبة القاهرة الكبرى 03/26/2014   CC\706\M C 36968 03/26/2014 03/26/2014 كتاب

Powered By

EGPV